Caminos, pueblos y paisajes / (Record no. 74305)

MARC details
000 -LEADER
campo de control de longitud fija 00877nam a2200241 i 4500
001 - NÚMERO DE CONTROL
campo de control 74305
003 - IDENTIFICADOR DE NÚMERO DE CONTROL
campo de control ES-MaACL
005 - FECHA Y HORA DE LA ÚLTIMA TRANSACCIÓN
campo de control 20250827050707.0
007 - CAMPO FIJO DE DESCRIPCIÓN FÍSICA--INFORMACIÓN GENERAL
campo de control de longitud fija t|
008 - DATOS DE LONGITUD FIJA--INFORMACIÓN GENERAL
campo de control de longitud fija 040917s1952 sp ||||1| spa d
100 1# - ENTRADA PRINCIPAL--NOMBRE DE PERSONA
Nombre de persona González Galván, José María.
9 (RLIN) 58643
245 10 - MENCIÓN DEL TÍTULO
Título Caminos, pueblos y paisajes /
Mención de responsabilidad, etc. Dr. José M. González-Galván.
260 ## - PUBLICACIÓN, DISTRIBUCIÓN, ETC.
Lugar de publicación, distribución, etc. Madrid :
Nombre del editor, distribuidor, etc. Editoria Nacional,
Fecha de publicación, distribución, etc. 1952 (
Fabricante Gráf. Valera)
300 ## - DESCRIPCIÓN FÍSICA
Extensión 353 p. ;
Dimensiones 21 cm.
510 ## - NOTA DE CITAS O REFERENCIAS BIBLIOGRÁFICAS
Nombre de la fuente CCPB,
Localización dentro de la fuente 000999968-X
650 #7 - PUNTO DE ACCESO ADICIONAL DE MATERIA--TÉRMINO DE MATERIA
Término de materia o nombre geográfico como elemento de entrada Viajes
Fuente del encabezamiento o término embne
9 (RLIN) 17778
852 ## - LOCALIZACIÓN
Ubicación ES-MaACL
Número de control de estantería D-7816
852 ## - LOCALIZACIÓN
Ubicación ES-MaACL
Número de control de estantería D-6489
itemnumber 77095
Sublocalización o colección R.32529
-- R.M.6082
Ubicación en estantería Sala Valle Inclán
Marcas de propiedad Sello en tinta azul de la Biblioteca del Ateneo de Madrid
942 ## - ELEMENTOS DE ENTRADA SECUNDARIOS (KOHA)
Fuente del sistema de clasificación o colocación Clasificación decimal universal
Tipo de ítem Koha Libro impreso
Holdings
Estatus retirado Estado de pérdida Estado de daño No para préstamo Biblioteca de origen Biblioteca actual Ubicación en estantería Fecha de adquisición Fuente de adquisición Total de préstamos Signatura topográfica completa Código de barras Visto por última vez Precio de reemplazo Tipo de ítem Koha
        Biblioteca del Ateneo de Madrid Biblioteca del Ateneo de Madrid Sala Valle Inclán 17/01/2008     D-6489 901077781 23/02/2023 23/02/2023 Libro impreso
        Biblioteca del Ateneo de Madrid Biblioteca del Ateneo de Madrid Sala Valle Inclán 17/01/2008     D-7816 901077780 23/02/2023 23/02/2023 Libro impreso